Napisz imię do nazwiska skoczka narciarskiego - Statystyki

Ogólne statystyki
  • Ten quiz został rozwiązany 279 razy
  • Średni wynik to 10 z 12
Statystyki odpowiedzi
Hint Odpowiedź % Poprawnych
Żyła Piotr
100%
Kubacki Dawid
96%
Prevc (najstarszy) Peter
93%
Tande Danie Andre
92%
Kraft Stefan
92%
Geiger Karl
88%
Zajc Timi
84%
Fettner Manuel
80%
Lanisek Anze
78%
Freund Severin
72%
Aalto Antti
68%
Kobayashi (młodszy) Ryoyu
67%
Nie znaleziono quizów pasujących do podanych kryteriów
Rozkład punktacji
Procent ludzi z każdym wynikiem
Percentyl według liczby udzielonych odpowiedzi
Twoja historia wyników
Nie rozwiązałeś tego quizu